| 000 | 00370nam a22001217a 4500 | ||
|---|---|---|---|
| 082 | _a332.63221 | ||
| 100 | _aState Bank of Pakistan | ||
| 245 |
_aEquity yields on ordinary shares June 2006 _cState Bank of Pakistan |
||
| 260 |
_aKarachi _bPublic Relations Division SBP _c2006 |
||
| 300 | _a89p | ||
| 942 |
_2ddc _cBK |
||
| 999 |
_c586089 _d586089 |
||